Brawl Stars: Brawler Sprays by Picture - Statistics

General Stats
  • This quiz has been taken 83 times
    36 since last reset
  • The average score is 71 of 89
Answer Stats
Picture Answer % Correct
8-Bit
96%
Bea
96%
Bonnie
96%
Amber
93%
Barley
93%
Bibi
93%
Bo
93%
Brock
93%
Bull
93%
Angelo
89%
Ash
89%
Belle
89%
Berry
89%
Buzz
89%
Buster
86%
Carl
86%
Charlie
86%
Colt
86%
Emz
86%
Gus
86%
Juju
86%
Kenji
86%
Mr. P
86%
Ruffs
86%
Darryl
82%
Doug
82%
Draco
82%
Dynamike
82%
Edgar
82%
Eve
82%
Gale
82%
Gray
82%
Griff
82%
Hank
82%
Jacky
82%
Janet
82%
Larry & Lawrie
82%
Leon
82%
Meg
82%
Mico
82%
Moe
82%
Nani
82%
Ollie
82%
Pearl
82%
Poco
82%
Rosa
82%
R-T
82%
Sandy
82%
Chuck
79%
Cordelius
79%
El Primo
79%
Frank
79%
Gene
79%
Grom
79%
Lola
79%
Max
79%
Meeple
79%
Otis
79%
Rico
79%
Spike
79%
Sprout
79%
Buzz Lightyear
75%
Clancy
75%
Crow
75%
Fang
75%
Jessie
75%
Lou
75%
Mandy
75%
Melodie
75%
Mortis
75%
Nita
75%
Stu
75%
Surge
75%
Tick
75%
Byron
71%
Kit
71%
Penny
71%
Shelly
71%
Chester
68%
Lily
68%
Piper
68%
Tara
68%
Maisie
61%
Squeak
61%
Willow
57%
Colette
54%
Shade
54%
Pam
50%
Sam
50%
No matching quizzes found
Score Distribution
Percent of People with Each Score
Percentile by Number Answered
Your Score History
You have not taken this quiz since the last reset